[Event "Odensemesterskabet"]
[Site "Odense, Denmark"]
[Date "2023.01.24"]
[Round "1.10"]
[White "Dalsberg, Sandra"]
[Black "Petersen, Steen"]
[Result "1/2-1/2"]
[BlackElo "2064"]
[WhiteElo "2015"]
[LiveChessVersion "1.4.6"]

1. d4 {[%clk 1:30:57]} Nf6 {[%clk 1:30:51]} 2. c4 {[%clk 1:31:20]} e6
{[%clk 1:31:10]} 3. Nc3 {[%clk 1:31:45]} Bb4 {[%clk 1:31:29]} 4. e3
{[%clk 1:31:59]} c5 {[%clk 1:31:19]} 5. Nge2 {[%clk 1:32:17]} d6 {[%clk 1:22:06]}
6. a3 {[%clk 1:27:48]} Ba5 {[%clk 1:19:07]} 7. dxc5 {[%clk 1:25:25]} dxc5
{[%clk 1:16:57]} 8. Qxd8+ {[%clk 1:24:55]} Kxd8 {[%clk 1:16:37]} 9. Bd2
{[%clk 1:15:41]} Nc6 {[%clk 1:15:12]} 10. Ng3 {[%clk 1:07:31]} Ke7
{[%clk 1:09:54]} 11. Be2 {[%clk 1:03:51]} Rd8 {[%clk 0:57:53]} 12. Rd1
{[%clk 0:56:24]} Ne5 {[%clk 0:46:55]} 13. O-O {[%clk 0:38:41]} Bd7
{[%clk 0:27:51]} 14. Nce4 {[%clk 0:32:48]} Bxd2 {[%clk 0:23:24]} 15. Rxd2
{[%clk 0:33:12]} b6 {[%clk 0:21:58]} 16. Nxf6 {[%clk 0:27:12]} gxf6
{[%clk 0:17:51]} 17. Rfd1 {[%clk 0:20:30]} Ba4 {[%clk 0:17:25]} 18. Rxd8
{[%clk 0:20:51]} Rxd8 {[%clk 0:17:52]} 19. Rxd8 {[%clk 0:21:07]} Kxd8
{[%clk 0:18:18]} 20. f4 {[%clk 0:13:56]} Nc6 {[%clk 0:18:23]} 21. Ne4
{[%clk 0:13:09]} Ke7 {[%clk 0:18:46]} 22. Kf2 {[%clk 0:13:27]} Na5
{[%clk 0:13:59]} 23. Nd2 {[%clk 0:10:20]} Bc2 {[%clk 0:07:34]} 24. Bf1
{[%clk 0:06:11]} Kd6 {[%clk 0:05:42]} 25. g4 {[%clk 0:05:51]} Nc6
{[%clk 0:03:08]} 26. Ke2 {[%clk 0:05:32]} a6 {[%clk 0:02:40]} 27. Bg2
{[%clk 0:03:50]} Na5 {[%clk 0:02:30]} 28. Be4 {[%clk 0:04:01]} Bxe4
{[%clk 0:01:28]} 29. Nxe4+ {[%clk 0:04:29]} Ke7 {[%clk 0:01:53]} 30. Kd3
{[%clk 0:04:55]} Nc6 {[%clk 0:01:26]} 31. Nc3 {[%clk 0:03:23]} Kd6
{[%clk 0:01:21]} 32. Ne4+ {[%clk 0:03:41]} Ke7 {[%clk 0:01:50]} 33. h3
{[%clk 0:02:34]} Nb8 {[%clk 0:01:18]} 34. b4 {[%clk 0:02:49]} cxb4
{[%clk 0:01:29]} 35. axb4 {[%clk 0:03:18]} Nc6 {[%clk 0:00:52]} 36. Kc3
{[%clk 0:03:21]} e5 {[%clk 0:00:44]} 37. f5 {[%clk 0:03:39]} Nb8 {[%clk 0:00:49]}
38. Kb3 {[%clk 0:03:44]} h6 {[%clk 0:00:46]} 39. Ka4 {[%clk 0:04:02]} Nd7
{[%clk 0:00:39]} 40. c5 {[%clk 0:04:16]} Kd8 {[%clk 0:00:39]} 41. c6
{[%clk 0:28:15]} Nb8 {[%clk 0:25:29]} 42. b5 {[%clk 0:27:39]} axb5+
{[%clk 0:23:59]} 43. Kxb5 {[%clk 0:28:03]} Kc7 {[%clk 0:24:11]} 44. Nxf6
{[%clk 0:28:13]} Nxc6 {[%clk 0:24:18]} 45. Ng8 {[%clk 0:23:30]} e4
{[%clk 0:18:58]} 46. Nxh6 {[%clk 0:16:09]} Ne5 {[%clk 0:15:43]} 47. Ng8
{[%clk 0:15:34]} Nd7 {[%clk 0:07:37]} 48. Ne7 {[%clk 0:15:43]} Kd6
{[%clk 0:05:43]} 49. Nc6 {[%clk 0:15:18]} Kd5 {[%clk 0:05:13]} 50. Nb4+
{[%clk 0:14:54]} Ke5 {[%clk 0:05:22]} 51. Kc4 {[%clk 0:09:23]} Nc5
{[%clk 0:04:16]} 52. Nd5 {[%clk 0:07:58]} Nd3 {[%clk 0:04:38]} 53. Nxb6
{[%clk 0:08:11]} Nf2 {[%clk 0:03:54]} 54. Kc5 {[%clk 0:07:44]} Nd3+
{[%clk 0:02:39]} 55. Kc6 {[%clk 0:08:04]} Nb4+ {[%clk 0:02:32]} 56. Kd7
{[%clk 0:07:41]} Nc2 {[%clk 0:02:24]} 57. Nc4+ {[%clk 0:05:59]} Kd5
{[%clk 0:01:48]} 58. Nd6 {[%clk 0:05:35]} Nxe3 {[%clk 0:01:57]} 59. Nxe4
{[%clk 0:02:53]} Kxe4 {[%clk 0:01:59]} 60. Ke7 {[%clk 0:03:18]} Nxf5+
{[%clk 0:02:11]} 61. Kxf7 {[%clk 0:03:36]} Kf4 {[%clk 0:02:13]} 62. Kf6
{[%clk 0:03:38]} Nh4 {[%clk 0:02:32]} 63. Ke6 {[%clk 0:03:38]} Kg3
{[%clk 0:02:53]} 64. Kd5 1/2-1/2

[Event "Odensemesterskabet"]
[Site "Odense, Denmark"]
[Date "2023.01.24"]
[Round "1.11"]
[White "Gregor, Bjarke"]
[Black "Andersen, Rune"]
[Result "1-0"]
[BlackElo "2026"]
[WhiteElo "2047"]
[LiveChessVersion "1.4.6"]

1. e4 {[%clk 1:30:57]} c5 {[%clk 1:30:49]} 2. Nf3 {[%clk 1:31:20]} Nc6
{[%clk 1:31:14]} 3. d4 {[%clk 1:31:43]} cxd4 {[%clk 1:31:39]} 4. Nxd4
{[%clk 1:32:07]} Nf6 {[%clk 1:31:48]} 5. Nc3 {[%clk 1:32:30]} e5 {[%clk 1:32:12]}
6. Ndb5 {[%clk 1:32:55]} d6 {[%clk 1:32:35]} 7. Nd5 {[%clk 1:33:20]} Nxd5
{[%clk 1:32:57]} 8. exd5 {[%clk 1:33:44]} Nb8 {[%clk 1:33:23]} 9. a4
{[%clk 1:34:07]} Be7 {[%clk 1:31:19]} 10. Be2 {[%clk 1:34:23]} O-O
{[%clk 1:31:11]} 11. O-O {[%clk 1:34:50]} a6 {[%clk 1:30:16]} 12. Na3
{[%clk 1:34:43]} Nd7 {[%clk 1:25:43]} 13. Bd2 {[%clk 1:30:53]} f5
{[%clk 1:20:51]} 14. a5 {[%clk 1:29:47]} e4 {[%clk 1:17:40]} 15. Nc4
{[%clk 1:30:08]} Ne5 {[%clk 1:17:02]} 16. Nb6 {[%clk 1:30:31]} Rb8
{[%clk 1:17:17]} 17. f4 {[%clk 1:29:57]} exf3 {[%clk 1:15:57]} 18. Bxf3
{[%clk 1:30:22]} Nxf3+ {[%clk 1:16:12]} 19. Qxf3 {[%clk 1:30:13]} Qc7
{[%clk 1:07:48]} 20. c4 {[%clk 1:18:13]} Bd7 {[%clk 1:05:24]} 21. Bc3
{[%clk 1:10:48]} Rbe8 {[%clk 0:57:48]} 22. b4 {[%clk 1:05:56]} Bf6
{[%clk 0:55:35]} 23. Bxf6 {[%clk 1:05:07]} Rxf6 {[%clk 0:55:55]} 24. Rae1
{[%clk 1:04:01]} Qd8 {[%clk 0:53:16]} 25. Qf4 {[%clk 0:57:13]} h6
{[%clk 0:45:14]} 26. h4 {[%clk 0:52:42]} Re7 {[%clk 0:45:19]} 27. Re3
{[%clk 0:49:34]} Rxe3 {[%clk 0:16:56]} 28. Qxe3 {[%clk 0:50:02]} Be8
{[%clk 0:16:31]} 29. Re1 {[%clk 0:49:06]} Kf8 {[%clk 0:14:50]} 30. Nc8
{[%clk 0:28:02]} Qxc8 {[%clk 0:12:57]} 31. Qe7+ {[%clk 0:28:03]} Kg8
{[%clk 0:13:09]} 32. Qxe8+ {[%clk 0:28:31]} Rf8 {[%clk 0:12:10]} 33. Qxc8
{[%clk 0:18:31]} Rxc8 {[%clk 0:12:31]} 34. c5 {[%clk 0:18:57]} dxc5
{[%clk 0:11:52]} 35. d6 {[%clk 0:19:23]} Kf7 {[%clk 0:07:24]} 36. Re7+
{[%clk 0:18:51]} Kf6 {[%clk 0:03:21]} 37. Rc7 {[%clk 0:19:07]} Rb8
{[%clk 0:02:46]} 38. bxc5 {[%clk 0:17:58]} g5 {[%clk 0:02:47]} 39. d7
{[%clk 0:16:13]} Ke7 {[%clk 0:02:37]} 40. Rc8 {[%clk 0:16:27]} 1-0

[Event "Odensemesterskabet"]
[Site "Odense, Denmark"]
[Date "2023.01.24"]
[Round "1.12"]
[White "Xilogiannis, Dimitrios"]
[Black "Meskenas, Paulius"]
[Result "1/2-1/2"]
[BlackElo "2030"]
[WhiteElo "2045"]
[LiveChessVersion "1.4.6"]

1. Nf3 {[%clk 1:30:40]} Nf6 {[%clk 1:30:56]} 2. c4 {[%clk 1:31:00]} g6
{[%clk 1:31:22]} 3. b3 {[%clk 1:31:14]} Bg7 {[%clk 1:31:35]} 4. Bb2
{[%clk 1:31:37]} O-O {[%clk 1:31:40]} 5. g3 {[%clk 1:31:58]} c5 {[%clk 1:29:50]}
6. Bg2 {[%clk 1:32:14]} e6 {[%clk 1:30:10]} 7. O-O {[%clk 1:22:49]} d5
{[%clk 1:22:37]} 8. cxd5 {[%clk 1:17:24]} exd5 {[%clk 1:20:07]} 9. d4
{[%clk 1:15:42]} b6 {[%clk 1:18:50]} 10. Nc3 {[%clk 1:11:41]} Bb7
{[%clk 1:19:01]} 11. Rc1 {[%clk 1:06:25]} Ne4 {[%clk 1:07:23]} 12. dxc5
{[%clk 1:02:03]} bxc5 {[%clk 1:03:19]} 13. Ne1 {[%clk 0:49:46]} Na6
{[%clk 0:55:20]} 14. Nd3 {[%clk 0:40:01]} Qe7 {[%clk 0:44:24]} 15. Re1
{[%clk 0:22:22]} Rfd8 {[%clk 0:32:56]} 16. Qc2 {[%clk 0:17:38]} Rac8
{[%clk 0:31:05]} 17. a3 {[%clk 0:14:50]} c4 {[%clk 0:17:34]} 18. bxc4
{[%clk 0:13:39]} dxc4 {[%clk 0:14:51]} 19. Nf4 {[%clk 0:12:44]} Rd2
{[%clk 0:14:46]} 20. Nfd5 {[%clk 0:10:26]} Rxd5 {[%clk 0:13:51]} 21. Nxe4
{[%clk 0:07:38]} Bxb2 {[%clk 0:13:04]} 22. Qxb2 {[%clk 0:08:03]} Rf5
{[%clk 0:13:23]} 23. Qd4 {[%clk 0:01:48]} Bxe4 {[%clk 0:13:10]} 24. Bxe4
{[%clk 0:02:13]} Rfc5 {[%clk 0:13:28]} 25. Rc3 {[%clk 0:01:12]} Rd8
{[%clk 0:12:26]} 26. Qe3 {[%clk 0:01:27]} Re5 {[%clk 0:12:38]} 27. Rxc4
{[%clk 0:01:10]} Re8 {[%clk 0:09:13]} 28. f3 {[%clk 0:01:08]} Nc5
{[%clk 0:09:31]} 29. Rec1 {[%clk 0:01:15]} Nxe4 {[%clk 0:09:44]} 30. Rxe4
{[%clk 0:01:32]} Rxe4 {[%clk 0:10:01]} 31. Qxe4 Ra8 1/2-1/2